Tính chất trào phúng trong thơ Nguyễn Khuyến Luận văn tốt nghiệp Đại học Sư phạm ngành Ngữ văn khóa 19

Сохранить в:
Библиографические подробности
Главный автор: Lưu Nhất Linh
Формат:
Язык:Undetermined
Опубликовано: Cần Thơ Trường Đại học Cần Thơ, Khoa Sư phạm, Bộ môn Ngữ văn 1997
Предметы:
Метки: Добавить метку
Нет меток, Требуется 1-ая метка записи!
Thư viện lưu trữ: Trung tâm Học liệu Trường Đại học Cần Thơ
LEADER 00728nam a2200193Ia 4500
001 CTU_33420
008 210402s9999 xx 000 0 und d
082 |a 808.1 
082 |b L312/1997 
100 |a Lưu Nhất Linh 
245 0 |a Tính chất trào phúng trong thơ Nguyễn Khuyến 
245 0 |b Luận văn tốt nghiệp Đại học Sư phạm ngành Ngữ văn khóa 19 
245 0 |c Lưu Nhất Linh 
260 |a Cần Thơ 
260 |b Trường Đại học Cần Thơ, Khoa Sư phạm, Bộ môn Ngữ văn 
260 |c 1997 
650 |a poetry, theory of 
904 |i Nguyên Quang Điền, 991027 
980 |a Trung tâm Học liệu Trường Đại học Cần Thơ